"Glorb" Spongebob Rap songs - Statistics

General Stats
  • This quiz has been taken 68 times
  • The average score is 12 of 16
Answer Stats
Hint Answer % Correct
Mr Swags,Squidwock & SpongeOpp The Bottom
94%
Mr Swags,Spongeopp,Squidwock,The Notorious P.A.T,Sandy Thee Squirrel and Gary the Snail. The Bottom 2
94%
SpongeOpp FUN
84%
Danktonn STD
84%
Dankton ft The Notorious P.A.T KFC
82%
Squidwock and Spongeopp KILLCAM
82%
Dankton and Karen VENGEANCE
80%
Dankton DND
76%
A$AP Larry DUMB BELL
76%
Dankton KYS
76%
Spongeopp Can Gangsters Cry
73%
Mr Swags,Squidwock,SpongeOpp (small verse from Notorious P.A.T) EUGENE
73%
Sandy Thee Squirrel MHMM
73%
Mr Swags THE FORMULA
71%
Mr Swags KRAB WALK
65%
Dankton sadkini
65%
No matching quizzes found
Score Distribution
Percent of People with Each Score
Percentile by Number Answered
Your Score History
You have not taken this quiz